[Event "Olympiad-42"]
[Site "Baku"]
[Date "2016.09.12"]
[Round "10.1"]
[White "Fier, Alexandr"]
[Black "Ferreira, Jorge Viterbo"]
[Result "1-0"]
[WhiteElo "2634"]
[BlackElo "2511"]
[Annotator "Fier,A"]
[PlyCount "143"]
[EventDate "2016.09.02"]
[EventType "team-swiss"]
[EventRounds "11"]
[EventCountry "AZE"]
[SourceTitle "CBM 175"]
[Source "ChessBase"]
[SourceDate "2016.11.10"]
[SourceVersion "1"]
[SourceVersionDate "2016.11.10"]
[SourceQuality "1"]
[WhiteTeam "Brazil"]
[BlackTeam "Portugal"]
[WhiteTeamCountry "BRA"]
[BlackTeamCountry "POR"]

1. d4 Nf6 2. c4 e6 3. Nf3 Bb4+ 4. Bd2 a5 {A small surprise, however since
Bachmann often plays this position I was more or less aware about what is
going on.} 5. g3 d6 6. Bg2 Nbd7 7. O-O e5 8. Be3 $5 {Not the main move, but a
decent one. I remember once I was looking this position to play with Black and
the idea of 9.Bxd4 annoyed me.} exd4 9. Bxd4 O-O 10. Nc3 Bc5 $6 {The beginning
of a wrong plan. Usually Black waits for White to attack the bishop to bring
it to c5 and also don't hurry to exchange the bishops afterwards. Since it's
was the first time my opponent had played this position he was spending a lot
of time to find out what to do.} (10... Re8 {was normal and} 11. Qc2 c6 12. a3
Bc5 13. Rad1 Qe7 {Le,Q (2715)-Bruzon Batista,L (2673) FIDE World Cup 2011 (3.3)
0-1 would be an improved version of the game, since a3 weakens the structure
on the queenside.}) 11. Qc2 Bxd4 $6 {Again helping White's plans. Now Black's
position is just passive.} (11... Re8 12. Rad1 Qe7 13. Rfe1 {Gunina,V (2516)
-Guichard,P (2338) EU-chT (Women) 20th 2015 (5.3) 1-0 was a seen in a recent
game}) 12. Nxd4 Ne5 13. b3 (13. Rad1 {was probably more precise} Nxc4 (13... c6
14. c5 d5 15. e4 $16) 14. Ncb5 c6 15. Qxc4 cxb5 16. Nxb5 {with a clear
advantage.}) 13... c6 14. Rad1 Qc7 15. h3 {Played without much thought, I had
the idea that if I pushed e4 and f4, it was better to have the g4-square under
control. On the other hand the kingside is safer with the pawn on h2 and I'm
going to feel the difference later.} (15. f4 {was the way to go if I want to
play on the kingside} Ng6 (15... Neg4 16. Qd2 Re8 17. e4 {and the knights are
badly placed.}) 16. Qd3 Re8 17. e4 {with a pleasant advantage.}) 15... Bd7 16.
Rd2 {[%csl Rd6][%cal Gf1d1,Gc2b2,Gb2a3] I decided that it was not yet
necessary to expand the kingside and that if I could attack the d6-pawn with
my major pieces Black would be completely tied up.} (16. f4 {was still ok} Ng6
17. e4 h5 $16) 16... Rad8 17. Rfd1 Rfe8 18. Qb2 Ng6 19. Nc2 $6 {Good idea but
the wrong order.} (19. Qa3 {here the computer comes up with an ingenious idea}
Ne7 20. e4 Nc8 {but Black's position is not getting better.}) 19... Bf5 $1 {
Trying to sharpen the position.} 20. Ne3 {I could not resist going into a
complicated position and also my opponent was going to be in time trouble soon.
It is probably not superfluous to say that this was unnecessary.} (20. e3 $14
Qc8 21. Kh2 Re5 {and Black starts to create something, but the position is
still fine for White.}) 20... Rxe3 21. fxe3 d5 22. e4 {The only move to
reconnect both wings.} (22. Rf1 {fails to} Bxh3 23. Bxh3 Qxg3+ 24. Bg2 Nh4 25.
Rf2 Ng4 {with mate.}) (22. g4 Qg3 $19) 22... Bxh3 (22... Qxg3 {doesn't work}
23. Rd3 Qg5 24. exf5 Nf4 25. e3 {and the queen helps in defence.}) 23. Rd3 (23.
e5 {was one of my ideas, but it doesn't really work} Bxg2 (23... Qxe5 $2 24.
Nxd5 Rxd5 25. Qxe5 Rxe5 26. Rd8+ Nf8 27. Bxh3 $16) 24. Kxg2 Ng4 25. Rd3 N6xe5 {
and Black is winning}) 23... Bxg2 (23... Qb6+ {could strangely transpose back
to the game} 24. Rd4 Qc7 25. R1d3 Bxg2 26. Kxg2 Ne5 27. Rd1 {and we are back.})
24. Kxg2 Ne5 25. Rd4 Neg4 26. Qd2 Qe5 27. cxd5 cxd5 (27... Qh5 {is the
computer's move} 28. Rh1 Qe5 29. Rd3 cxd5 30. exd5 b5 31. d6 {and the position
remains complex.}) (27... c5 28. Rd3 (28. Rc4 Nh5 29. Qd3 Qg5) (28. Ra4 Nh5 29.
Qd3 Qg5) 28... Nxe4 29. Nxe4 (29. Qf4 Qxf4 30. gxf4 Nef2 31. Kf3 f5 32. e4)
29... Qxe4+ 30. Kg1) 28. Rd3 Re8 {Another small surprise, keeping the pressure.
} (28... Nxe4 {was what I expected and after} 29. Qf4 Qxf4 30. gxf4 Nc5 (30...
Nxc3 31. Rxc3 {[%cal Gc3c7]}) 31. Rf3 Nf6 32. f5 {I think White is slightly
better.}) 29. Qf4 Qxf4 30. gxf4 d4 $6 {This recovers the exchange, but it also
frees all the white pieces.} (30... dxe4 {I was worried about this, and not
sure how to evaluate the endgame} 31. Rg3 h5 32. Nd5 g6 33. Nxf6+ Nxf6 34. Rc3
{with a sharp position.}) (30... Nxe4 31. Nxe4 Rxe4 32. Kf3 h5 33. Rc3 Nf6 34.
e3 {with a small advantage due to the active rook on the c-file.}) 31. Rxd4
Ne3+ 32. Kf3 Nxd1 33. Rxd1 {I was not sure if it was important or not to
transfer the knight to e3, so I just took with the rook, but in some cases
Black can take advntage of the knight being on c3 to win a tempo.} (33. Nxd1 {
is the computer's preference} h5 34. Ne3 h4 35. e5 Nh5 36. Nc4 {with advantage.
}) 33... h5 34. e5 Rc8 $1 (34... Ng4 35. Nd5 $16) 35. Nb5 Ng4 36. Rd7 Rc2 {
A natural move, a normal one to make in time pressure, but not the best.} (
36... Rc1 {was good and I think Black is fine.} 37. Nd6 (37. Rxb7 Rf1+ 38. Kg3
Rg1+ 39. Kh4 Nf2 40. Kxh5 Rh1+ 41. Kg5 Rg1+ 42. Kf5 Rh1 $1 $11 {threatening
mate.}) 37... Rc3+ 38. Ke4 Re3+ 39. Kf5 Nh6+ 40. Kg5 Rxe2 41. a4) 37. Rxb7 Rxa2
38. Nd6 Nh2+ (38... a4 {looks like draw, but the position is still tricky} 39.
Rxf7 axb3 40. Rb7 Nh2+ 41. Ke3 Ng4+ 42. Kd3 h4 43. Nf5 {and Black still has
some few problems to solve.}) 39. Kg3 Rxe2 40. Nxf7 Ng4 41. Kh4 Ne3 $1 (41...
g6 42. Kg5 Rg2 43. e6 $1 {and with the f7-knight defended, there is no useful
discovered check. I'm just threatening to take on g6 on the next move.}) 42.
Kxh5 Nd5 $2 {Finally White's winning.} (42... Rg2 $1 {with the idea of 43...g6+
} 43. Nd6 (43. Ng5 $4 Rh2+ 44. Kg6 Rh6# {could be embarrassing.}) (43. e6 g6+
44. Kh4 Nf5+ 45. Kh3 Rg3+ 46. Kh2 Re3 47. Ne5 g5 48. e7 Nxe7 49. Rxe7 gxf4 {
and I have no way to defend the b3-pawn.}) (43. f5 Nxf5 44. Ng5 Rh2+ 45. Kg4 g6
46. Ne6 {keeps some pressure, but I don't think it's enough.}) 43... Rh2+ 44.
Kg5 Rg2+ 45. Kh4 Rg4+ 46. Kh5 Rxf4 47. Ra7 {and the fight keeps going, but
with a good defence Black should be able to hold.}) 43. f5 Rf2 44. Kg5 Rg2+ 45.
Kh4 Ne3 46. Nd6 Rg4+ 47. Kh3 Rd4 48. Kg3 Rb4 49. Ra7 (49. Rxb4 {I knew that
this position was winning, but I thought that if by chance I made a big
mistake, it's better to have a rook} axb4 50. Kf4 Nd5+ 51. Ke4 Ne7 52. e6 {
and Black won't be able to attack the b3-pawn, so the endgame is just hopeless.
}) 49... Rxb3 50. Kf4 Ng2+ 51. Ke4 Rb4+ 52. Kd5 Nf4+ 53. Kc6 Rb8 54. e6 Nh5 55.
Kc7 Rb1 56. Ra8+ Kh7 57. e7 (57. Ne4 {[%cal Ge4g5,Gg5f7,Ga8h8] was the
computer way of doing it, I was not so worried, since I realised the game
continuation would also give no chances for Black.} Nf4 58. Ng5+ Kh6 59. Nf7+
Kh5 60. Rxa5 {defending against ...Nd5+} Re1 61. Ne5 {and there is no good way
to stop the pawn.}) 57... Nf6 58. e8=Q Nxe8+ 59. Rxe8 {I only need to be
careful not to let the last pawn be exchanged.} Rf1 60. Re2 Kg8 (60... g6 61.
Rh2+ Kg7 62. Rg2 $18) 61. Ra2 Kh7 62. Kd7 Rf4 63. Ke6 a4 64. Kf7 Rh4 65. Rg2 a3
66. Rxg7+ (66. Kf8 $1 {[%cal Gd6f7] was classy and effective with forced mate.}
) 66... Kh6 67. Rg2 Ra4 68. Ra2 {And there is nothing Black can do about the
advance of the f-pawn.} Kg5 69. Ke6 Ra6 70. f6 Kg6 71. f7 Ra8 72. Rxa3 {
An important point since we drew the match 2-2 and with the victory in the
last round against Austria we managed to finish in a quite decent position.}
1-0

[Event "Beersheba 16th"]
[Site "Beersheba"]
[Date "1997.03.03"]
[Round "7"]
[White "Mikhalevski, Victor"]
[Black "Finkel, Alexander"]
[Result "0-1"]
[WhiteElo "2535"]
[BlackElo "2505"]
[Annotator "Finkel,A"]
[PlyCount "106"]
[EventDate "1997.02.24"]
[EventType "tourn"]
[EventRounds "11"]
[EventCountry "ISR"]
[EventCategory "12"]
[SourceTitle "CBM 058"]
[Source "ChessBase"]
[SourceDate "1997.06.01"]
[SourceVersion "1"]
[SourceVersionDate "1997.06.01"]
[SourceQuality "1"]

1. d4 {Hecht Tisdall} Nf6 2. c4 e6 3. Nf3 Bb4+ 4. Nbd2 b6 5. a3 Bxd2+ 6. Bxd2
Bb7 7. Bg5 d6 8. e3 Nbd7 9. Qc2 Qe7 {Tisdall: This move, which strengthens the
option of playing for ...e5 later, seems to black's most solid alternative.} (
9... O-O 10. Bd3 h6 11. Bh4 c5 12. O-O Bxf3 13. gxf3 cxd4 14. exd4 Qc7 15. Kh1
e5 16. Rg1 Nh5 17. Be4 Rae8 18. Bd5 Kh8 19. f4 f5 20. fxe5 dxe5 21. f3 Nf4 22.
Rac1 Nxd5 23. Qg2 Rg8 24. cxd5 Qd6 25. Rc6 Qxd5 26. Rg6 Qf7 27. d5 Kh7 28. Be1
Nf6 29. d6 Ng4 30. Rxg4 fxg4 31. Qxg4 Rd8 32. Qe4+ g6 33. Bc3 Rxd6 34. Bxe5 Re8
35. Rc1 Rd2 36. f4 Rxb2 37. h4 h5 38. Rg1 Rb3 39. Rg5 Rh3+ 40. Kg2 Rxh4 41. Kg3
Rxe5 42. Rxe5 Rg4+ 43. Kf3 Qb3+ 44. Qe3 Qxe3+ 45. Rxe3 g5 46. fxg5 Kg6 47. Re8
Kxg5 48. Re5+ Kh4 49. Re7 Rg3+ {0-1 Piskov,Y-Kholmov,R/Moscow ch 1987}) (9...
h6 {Tisdall} 10. Bh4 g5 11. Bg3 Ne4 12. Bd3 Ndf6 13. O-O-O $5 Qe7 14. d5 Nc5
15. e4 e5 16. h4 g4 17. Nh2 a5 18. Nf1 $14 {1-0 Mikhalevski,V-Lomineishvili,M/
Koop Tjuchem Open, Groningen NED 1996 (54)}) (9... c5 {Tisdall} 10. Rd1 Qc7 11.
Be2 O-O 12. O-O Rac8 13. Bh4 Be4 14. Qd2 Rfe8 15. Bg3 e5 16. dxe5 dxe5 17. Nh4
$1 $14 {Epishin,V-Andersson,U/Malmo 1994/1-0 (53)}) (9... a5 {Tisdall} 10. Rd1
h6 11. Bh4 a4 12. Nd2 Qe7 13. f3 e5 14. Be2 g5 15. Bf2 e4 16. O-O O-O 17. Bg3
Nh5 $13 {Tisdall: led to very sharp play in Cramling,P-Lobron,E/Brussels mix
1987 ( 0-1, 39)}) 10. Bd3 (10. Rd1 {Tisdall} Be4 11. Qa4 O-O 12. Bh4 a6 13. Bd3
Bxd3 14. Rxd3 e5 15. Rd1 exd4 16. Rxd4 Ne5 17. O-O Nxf3+ 18. gxf3 Qe6 19. Bg3
a5 20. Rfd1 Qe8 $11 {1-0 Epishin,V-Kosten,A/Geneve op 1993 (62)}) (10. Bh4 {
Tisdall} h6 11. Rd1 g5 (11... a5 12. b3 Rc8 13. Be2 $5 g5 14. Bg3 h5 15. h4 g4
16. Ng5 Bxg2 17. Rg1 Bb7 18. b4 axb4 19. axb4 $44 {1-0 Krasenkow,M-Bogdanovski,
V/Erevan olm 1996 (40)}) 12. Bg3 Ne4 13. d5 (13. Nd2) 13... Ndf6 (13... Nxg3 $5
) 14. Nd4 e5 (14... exd5 $5 15. cxd5 Nxg3 16. Bb5+ Kf8 17. hxg3 Bxd5 $15) (
14... h5 $5 15. f3 h4 16. Bf2 Nxf2 17. Kxf2 g4 18. e4 g3+ 19. Ke1 gxh2 20. Kd2
Nh5 {~~ Aseev,K-Kengis,E/URS-sf Daugavpils 1989 ( - , 60)}) 15. Ne2 O-O-O 16.
f3 Nxg3 17. Nxg3 $14 {1-0 Goldin,A-Horvath,G/EUCup f 1996 (35)}) 10... h6 11.
Bh4 c5 {very unpleasent move for Victor who strives for sharp tactical battle
and has almost perfect score in main variation,which arises after 11...g5} (
11... g5 $5 {Tisdall} 12. Bg3 h5 13. h4 g4 14. Ng5 Bxg2 15. Rg1 Bb7 16. O-O-O
O-O-O 17. b4 Kb8 18. Kb2 Ka8 19. a4 $40 {1-0 Mikhalevski,V-Komljenovic,D/Ubeda
Open 1997 (44)}) 12. b4 {probably not the best reaction,but its very typical
for Victor's agressive style.Now white faces some difficulties in defending
his center} (12. Be2 {Tisdall} Rc8 13. Rd1 cxd4 14. Nxd4 a6 15. f3 d5 16. Qb3
O-O 17. cxd5 Bxd5 18. Qb4 Qxb4+ 19. axb4 Bc4 20. Rc1 b5 {Tisdall: and black
had a solid and active position in Mikhalevski-Kosashvili/Israel ch-T/1996/})
12... Rc8 $1 {a good move putting additional pressure on mhite's center} 13.
bxc5 $6 (13. Qb2 $5 O-O (13... cxd4 $2 14. exd4 Bxf3 15. gxf3 d5 16. c5 $1 $16)
14. O-O Rfe8 15. Rfd1 cxd4 16. exd4 $1 Bxf3 17. gxf3 Nf8 $13) 13... dxc5 14.
Ne5 $6 {another dubious move after which black with very nice tactical blow
gets favourable position.140-0 was reqired,but even in this case it's clear
that black solved all opening problems} cxd4 15. exd4 Qd6 $1 (15... Nxe5 $5 16.
dxe5 Qc7 17. f4 (17. exf6 Qe5+ 18. Kd2 Qf4+ 19. Ke1 Qxh4 20. fxg7 Rg8 21. Qa4+
Bc6 22. Qxa7 Rxg7 23. Qxb6 Rxg2 $17) 17... Nd7 18. O-O Nc5 19. Be2 O-O $15) (
15... g5 $5 {Tisdall}) 16. Nxd7 (16. Bxf6 gxf6 17. Nxd7 Qxd4 $1 18. O-O Qxd7
$17) 16... Qxd4 $3 $17 {[#] [#]} 17. Nxf6+ gxf6 18. Rd1 (18. O-O $6 Qxh4 19. f4
$5 f5 $1 (19... Rg8 20. Be4 Bxe4 21. Qxe4 f5 22. Qb7 Rd8 23. Rad1 Rxd1 24. Rxd1
$44) 20. Qa4+ Bc6 21. Qxa7 Rg8 22. Rf2 Qd8 $1 $19) (18. Bxf6 {Tisdall} Qxf6 19.
O-O Bxg2 $1 20. Kxg2 Rg8+) 18... Qxh4 19. Qa4+ Bc6 20. Qxa7 Bxg2 21. Rg1 (21.
Qa6 Rc5 $1 22. Qxb6 Re5+ 23. Kd2 Bxh1 24. Qb8+ Ke7 25. Qxh8 Qxf2+ 26. Kc1 Bf3
$19) 21... Qxh2 22. Kd2 Bf3 (22... Qf4+ $5 {Tisdall}) 23. Rg7 Qc7 $1 $19 {
the simplest way to decide the game.Ending is completly winning forblack} (
23... Qxf2+ $5 {Tisdall} 24. Kc3 Rf8) 24. Qxc7 Rxc7 25. Rb1 Rb7 26. Ke3 Bc6 27.
Rb3 f5 $1 28. f4 Ke7 29. Rg3 h5 30. Rh3 h4 31. Rb2 Kd6 32. Rbh2 Ra7 33. Kd4
Rxa3 34. Bxf5 Rha8 35. Rxa3 Rxa3 36. Bd3 f6 37. Rxh4 e5+ 38. fxe5+ fxe5+ 39.
Ke3 e4 40. Rh6+ Kc5 41. Rxc6+ Kxc6 42. Kxe4 Kc5 43. Ke3 Rc3 44. Kd2 Rxc4 45.
Bxc4 Kxc4 {[#] Hecht Kleine Endspielkunde mit dem Springerbauern Themen:
Opposition und Pattgefahr!} 46. Kc2 b5 47. Kb2 Kb4 48. Ka2 Kc3 49. Ka3 b4+ 50.
Ka2 Kc2 (50... b3+ $2 {Hecht} 51. Ka1 $11) 51. Ka1 Kb3 52. Kb1 Ka3 (52... Kc3
$6 {Hecht} 53. Ka2 Kc2 54. Ka1 Kb3 55. Kb1 Ka3 {Wegen der Pattgefahr in der
Ecke gewinnt nur das Ausweichen in diese Richtung, um mittels Opposition oder
Umgehung zu gewinnen.}) 53. Ka1 b3 0-1

[Event "Tata Steel-A 77th"]
[Site "Wijk aan Zee"]
[Date "2015.01.17"]
[Round "7"]
[White "Wojtaszek, Radoslaw"]
[Black "Jobava, Baadur"]
[Result "0-1"]
[WhiteElo "2744"]
[BlackElo "2727"]
[Annotator "Fischer,J"]
[PlyCount "74"]
[EventDate "2015.01.10"]
[EventType "tourn"]
[EventRounds "13"]
[EventCountry "NED"]
[EventCategory "20"]
[SourceTitle "CBM 165"]
[Source "ChessBase"]
[SourceDate "2015.03.11"]
[SourceVersion "1"]
[SourceVersionDate "2015.03.11"]
[SourceQuality "1"]

1. d4 Nf6 2. c4 e6 3. Nf3 Bb4+ 4. Nbd2 O-O 5. a3 Be7 6. e4 d6 7. Be2 c5 8. b3
cxd4 9. Nxd4 b6 10. O-O Bb7 11. Bd3 Nbd7 12. Qe2 Re8 13. Bb2 Bf8 14. Rad1 a6
15. f4 e5 16. fxe5 Nxe5 17. Bb1 b5 $5 {Spätestens jetzt ist es mit der
Zurückhaltung, die Jobava in der Eröffnung an den Tag gelegt hat, vorbei.
Mit diesem Vorstoß am Damenflügel beginnen die taktischen Verwicklungen, die
Jobava so liebt.} 18. cxb5 d5 19. Nc6 Qb6+ 20. Bd4 Bc5 21. Qf2 Nfg4 22. Bxc5
Qxb5 {Weiß hat kurzzeitig eine Figur mehr, aber seine Dame ist angegriffen
und der Springer auf c6 hängt.} 23. Na7 Rxa7 24. Qd4 Raa8 25. a4 ({Mit} 25.
exd5 Bxd5 $1 26. Ne4 ({nach} 26. Qxd5 {folgt} Rad8 {und Schwarz gewinnt die
Figur zurück.}) 26... Bxe4 27. Bxe4 Rab8 28. b4 {hätte Weiß das riskante
schwarze Spiel auf die Probe stellen können.}) 25... Qc6 26. exd5 Qxd5 27. Ne4
Qxd4+ 28. Bxd4 Nxh2 $1 {Die Damen sind getauscht, die taktischen Verwicklungen
gehen weiter.} 29. Rf5 ({Nach} 29. Kxh2 Bxe4 30. Bxe4 Ng4+ 31. Kg3 Rxe4 32. Rf4
Rxf4 33. Kxf4 {hat Weiß einen Bauern weniger im Endspiel, aber mit den
aktiveren Figuren gute Remisaussichten.}) 29... Rad8 30. Nc5 Nhf3+ 31. gxf3
Nxf3+ 32. Kf2 Rxd4 33. Rxd4 $2 {Danach kommt Schwarz endgültig in Vorteil,
denn die weißen Figuren stehen so unglücklich, dass Schwarz sein geopfertes
Material zurückgewinnt. Die Engine empfiehlt hier} (33. Rd3 Rxd3 34. Bxd3 Nd4
35. Rh5 Bc6 36. Bxa6 {und sieht Schwarz leicht im Vorteil.}) 33... Nxd4 34.
Nxb7 Re2+ $1 {Das entscheidende Zwischenschach.} 35. Kf1 Rb2 36. Rd5 ({Nach} 
36. Be4 Nxf5 37. Bxf5 Rxb3 {hat Schwarz Turm und drei Freibauern für die
beiden Leichtfiguren und steht auf Gewinn.}) 36... Rxb1+ 37. Kf2 Ne6 {Am Ende
der Verwicklungen hat Schwarz zwei Bauern mehr. Wojtaszek gab auf.} 0-1

[Event "RUS-ch U20"]
[Site "Cheboksary"]
[Date "2006.03.09"]
[Round "8"]
[White "Vitiugov, Nikita"]
[Black "Maletin, Pavel"]
[Result "1-0"]
[WhiteElo "2573"]
[BlackElo "2538"]
[Annotator "Ftacnik,L"]
[PlyCount "95"]
[EventDate "2006.03.02"]
[EventType "tourn"]
[EventRounds "11"]
[EventCountry "RUS"]
[EventCategory "11"]
[SourceTitle "CBM 112"]
[Source "ChessBase"]
[SourceDate "2006.06.07"]
[SourceVersion "1"]
[SourceVersionDate "2006.06.07"]
[SourceQuality "1"]

1. d4 Nf6 2. c4 e6 3. Nf3 Bb4+ 4. Bd2 a5 5. Nc3 d5 6. e3 O-O 7. Bd3 b6 8. O-O
Bb7 9. Rc1 Nbd7 10. a3 Be7 11. Qe2 (11. cxd5 exd5 12. Ne2 Rc8 13. Nf4 Bd6 14.
Bf5 g6 15. Bh3 Ra8 16. Qa4 Qe7 17. Rfe1 Rfe8 18. Nd3 Nf8 19. Bc3 Ne4 {1-0
Nemet,I (2430)-Barbero,G (2495)/San Bernardino 1989/ (38)}) 11... Ne4 (11...
Qb8 12. Rfd1 Rd8 13. Be1 h6 14. cxd5 Nxd5 15. Nxd5 exd5 16. b4 axb4 17. axb4 c6
18. e4 Re8 19. Qc2 c5 20. Bb5 Rd8 21. dxc5 bxc5 22. Bxd7 Rxd7 {1/2 Giorgadze,G
(2612)-Pelletier,Y (2589)/Sanxenxo 2004/ (33)}) 12. Rfd1 f5 $5 {Black is
transferring the position into dutch type of position in the hope, that white
is less well prepared for it.} (12... a4 13. Be1 f5 $13) 13. Be1 c6 14. Qc2 Kh8
(14... Bd6 15. Qb3 Nxc3 16. Bxc3 a4 17. Qc2 $11) 15. Ne5 Nxe5 16. dxe5 Qb8 (
16... Nxc3 17. Bxc3 a4 $2 18. cxd5 cxd5 19. Bd4 $16) 17. Na4 Qa7 (17... Qxe5
18. Nxb6 Rad8 19. cxd5 exd5 20. Bxa5 c5 21. b3 $14) 18. cxd5 exd5 (18... cxd5
19. Qc7 Bd8 20. Qd7 $16) 19. Nc3 {Vitiugov is dancing with his knight in order
to solve the problems of the center.} Qb8 (19... b5 $5 20. Nxe4 fxe4 21. Be2 b4
$11) 20. f4 Bc5 (20... g5 21. Bg3 (21. Qe2 a4 $13) 21... Bc5 22. Re1 $14) 21.
Qe2 a4 (21... g5 22. Na4 gxf4 23. Nxc5 bxc5 24. exf4 $14) 22. Na2 Qa7 (22... g5
23. Bb4 gxf4 24. Bxc5 f3 $1 25. gxf3 (25. Qxf3 Nxc5 26. Qf4 Ne6 $17) 25... Nxc5
26. f4 Rg8+ 27. Kf2 Qe8 $15) 23. Bb4 $1 {The first great achievement for white,
since the exchange of the active bishop eases the pressure against his center.}
Ba6 (23... Bc8 24. Nc3 Qe7 25. Bxc5 Nxc5 $11) 24. Nc3 Bxd3 (24... Bc8 25. Bxc5
Nxc5 $11) 25. Qxd3 b5 (25... Qf7 26. Nxe4 fxe4 27. Qd2 $16) 26. Bxc5 Nxc5 (
26... Qxc5 $2 27. Nxe4 dxe4 28. Rxc5 exd3 29. Rxd3 $18) 27. Qd4 Nb3 28. Qxa7
Rxa7 29. Rc2 {After the exchange of the queens white can hope to benefit from
the pressure against the central pawn structure.} Rd7 (29... Re7 30. Ne2 Re6
31. Nd4 Nxd4 32. exd4 Rb8 33. Rdc1 Rb6 34. h3 $14) 30. Ne2 c5 (30... Rc8 31.
Ng3 g6 32. e4 fxe4 33. Nxe4 $16) 31. Nc1 $1 c4 (31... Nxc1 32. Rdxc1 c4 33. Rd1
Rfd8 34. Rcd2 g6 35. e6 Re7 36. Rxd5 $16) 32. Nxb3 axb3 (32... cxb3 33. Rc5 Kg8
34. Kf2 Kf7 35. Rxb5 $16) 33. Rcd2 Rfd8 34. e6 Re7 $1 {Maletin is fighting in
the bad position, as he can hope to reach rook endgame with 4-3 on one side.} (
34... Rd6 $2 35. Rxd5 $1 Rxd5 36. Rxd5 Re8 37. Rxb5 (37. Rxf5 b4 38. axb4 c3
39. Rd5 c2 40. Rc5 g6 $14) 37... g6 38. Rc5 Rxe6 39. Kf2 Re4 40. a4 $18) 35.
Rxd5 Rxd5 36. Rxd5 g6 37. Rxb5 Rxe6 38. Kf2 Rc6 39. Ke2 (39. a4 c3 40. bxc3
Rxc3 41. Kf3 Rc4 42. Rxb3 Rxa4 43. Rb8+ Kg7 44. Rb7+ Kg8 45. g4 $16) 39... c3
40. bxc3 Rxc3 41. a4 Kg7 42. Rb7+ Kh6 $6 {Black must have been pleased with
his tough resistance, but his position remains difficult.} (42... Kg8 43. Kf3
Rc4 44. a5 Ra4 45. Rxb3 Rxa5 46. Rb8+ Kg7 47. Rb7+ Kg8 48. g4 $16) 43. h3 Rc4
44. Rxb3 Rxa4 45. Rb7 g5 $2 {Finally the tired defender gives up and loses
without futher fight.} (45... Ra1 46. g4 fxg4 47. hxg4 g5 48. Rb6+ Kg7 49. f5
$16) 46. fxg5+ Kxg5 (46... Kg6 47. g3 Rc4 48. h4 $18) 47. Rxh7 f4 48. Rg7+ (48.
Rg7+ Kf6 49. Rg4 Ra2+ 50. Kf3 fxe3 51. Kxe3 $18) 1-0